Cuentos de Mujeres Infieles: antología

Saved in:
Bibliografiske detaljer
Main Authors: Benedetti, Mario (Author), D'Halmar, Augusto (Author), Maugham (Author), Zweig (Author), Wharton (Author), Maupassant (Author), Chejov (Author), Daudet (Author)
Andre forfattere: Machado de Assis Assis, Joaquim Maria Machado de (autor)
Format: Bog
Sprog:spansk
Udgivet: Santiago Andrés Bello 1996
Udgivelse:1a. ed
Fag:
Tags: Tilføj Tag
Ingen Tags, Vær først til at tagge denne postø!

MARC

LEADER 00000nam a2200000 a 4500
001 UCH8551
003 CL-VaPUC
008 091127e19961200CL |||||||||||||||||spa|d
020 |a 9561314452 
082 0 4 |a 863  |b BEN  |2 21 
100 0 |a Benedetti, Mario  |e author  |9 518246 
700 0 |a D'Halmar, Augusto  |e author  |9 315574 
700 0 |a Maugham  |e author  |9 545137 
700 0 |a Zweig  |e author  |9 545138 
700 0 |a Wharton  |e author  |9 545139 
700 0 |a Maupassant  |e author  |9 545140 
700 0 |a Chejov  |e author  |9 545141 
700 |a Machado de Assis  |e autor  |q Assis, Joaquim Maria Machado de  |9 598743 
700 0 |a Daudet  |e author  |9 545142 
245 1 0 |a Cuentos de Mujeres Infieles: antología 
250 |a 1a. ed 
300 |a 194 p 
942 |c BK 
945 |d 20091127 00:00:00  |a lazolas 
260 |a Santiago  |b Andrés Bello  |c 1996 
650 0 |a Literatura hispanoamericana  |9 269097 
650 7 |a CUENTOS DE AMOR  |2 CL-VaPUC  |9 545143 
583 |a last modification  |c 20111003 04:38:14  |k Rodrigo Vera 
999 |c 338762  |d 338760